| Tag |
First Indicator |
Second Indicator |
Subfields |
| LEADER |
00000cam a2200000Ia 4500 |
| 001 |
in00001840521 |
| 005 |
20220105141007.0 |
| 006 |
m d |
| 007 |
cr cn- |
| 008 |
030729s2000 enka sb 001 0 eng d |
| 020 |
|
|
|a 0585462216 (electronic bk.)
|
| 035 |
|
|
|a (OCoLC)ocm52739845
|
| 040 |
|
|
|a N$T
|c N$T
|d OCLCQ
|d UtOrBLW
|
| 043 |
|
|
|a e-gx---
|
| 049 |
|
|
|a IICC
|
| 050 |
1 |
4 |
|a RA644.A25
|b P3724 2000eb
|
| 060 |
1 |
4 |
|a WC 503.6
|b P2737 2000
|
| 082 |
0 |
4 |
|a 362.1/969792/00943
|2 21
|
| 245 |
0 |
0 |
|a Partnership and pragmatism :
|b Germany's response to AIDS prevention and care /
|c edited by Rolf Rosenbrock and Michael T. Wright.
|
| 264 |
|
1 |
|a London ;
|a New York :
|b Routledge,
|c 2000.
|
| 300 |
|
|
|a xviii, 254 pages :
|b illustrations ;
|c 24 cm.
|
| 336 |
|
|
|a text
|b txt
|2 rdacontent
|
| 337 |
|
|
|a computer
|b c
|2 rdamedia
|
| 338 |
|
|
|a online resource
|b cr
|2 rdacarrier
|
| 504 |
|
|
|a Includes bibliographical references and index.
|
| 533 |
|
|
|a Electronic reproduction.
|b Boulder, Colo. :
|c NetLibrary,
|d 2003.
|n Available via World Wide Web.
|n Access may be limited to NetLibrary affiliated libraries.
|
| 500 |
|
|
|a Electronic resource.
|
| 650 |
|
0 |
|a AIDS (Disease)
|z Germany.
|
| 650 |
1 |
2 |
|a Acquired Immunodeficiency Syndrome
|x prevention & control.
|0 https://id.nlm.nih.gov/mesh/D000163Q000517
|
| 650 |
1 |
2 |
|a HIV Infections
|x prevention & control.
|0 https://id.nlm.nih.gov/mesh/D015658Q000517
|
| 650 |
2 |
2 |
|a Health Policy.
|0 https://id.nlm.nih.gov/mesh/D006291
|
| 651 |
|
2 |
|a Germany.
|0 https://id.nlm.nih.gov/mesh/D005858
|
| 655 |
|
7 |
|a Electronic books.
|2 local
|
| 700 |
1 |
|
|a Rosenbrock, Rolf,
|d 1945-
|0 http://id.loc.gov/authorities/names/n83025734
|
| 700 |
1 |
|
|a Wright, Michael T.
|0 http://id.loc.gov/authorities/names/n98055322
|
| 710 |
2 |
|
|a NetLibrary, Inc.
|0 http://id.loc.gov/authorities/names/no99080690
|
| 776 |
1 |
|
|c Original
|z 0415241057
|w (DLC) 00031133
|w (OCoLC)43978802
|
| 856 |
4 |
1 |
|u https://proxy.library.tamu.edu/login?url=http://www.netLibrary.com/urlapi.asp?action=summary&v=1&bookid=84920
|z Connect to the full text of this electronic book
|t 0
|
| 994 |
|
|
|a 92
|b IIC
|
| 999 |
|
|
|a MARS
|
| 999 |
f |
f |
|s ee9f1594-67a6-3527-bda9-d1cc6cbe4cb8
|i 79549429-1b82-379e-8e4e-490e7e57a928
|t 0
|
| 952 |
f |
f |
|a Texas A&M University
|b College Station
|c Electronic Resources
|d Available Online
|t 0
|e RA644.A25 P3724 2000eb
|h Library of Congress classification
|
| 998 |
f |
f |
|a RA644.A25 P3724 2000eb
|t 0
|l Available Online
|